Operations management: An integrated approach/ (Record no. 613606)
[ view plain ]
| 000 -LEADER | |
|---|---|
| fixed length control field | 00469nam a22001697a 4500 |
| 020 ## - INTERNATIONAL STANDARD BOOK NUMBER | |
| International Standard Book Number | 9781119668176 |
| 082 ## - DEWEY DECIMAL CLASSIFICATION NUMBER | |
| Classification number | 658.5 |
| Author Mark | REI |
| 100 ## - MAIN ENTRY--PERSONAL NAME | |
| Personal name | Reid, R. Dan |
| 245 ## - TITLE STATEMENT | |
| Title | Operations management: An integrated approach/ |
| Statement of responsibility, etc. | R. Dan Reid, Nada R. Sanders |
| 250 ## - EDITION STATEMENT | |
| Edition statement | 7th Edition |
| 260 ## - PUBLICATION, DISTRIBUTION, ETC. | |
| Place of publication, distribution, etc. | USA ; |
| Name of publisher, distributor, etc. | Jon Wiley & sons, |
| Date of publication, distribution, etc. | 2020. |
| 300 ## - PHYSICAL DESCRIPTION | |
| Extent | xxii, 630 p. |
| 504 ## - BIBLIOGRAPHY, ETC. NOTE | |
| Bibliography, etc. note | Includes Index |
| 563 ## - BINDING INFORMATION | |
| Binding note | PB |
| 650 ## - SUBJECT ADDED ENTRY--TOPICAL TERM | |
| Topical term or geographic name entry element | Operation Management |
| 942 ## - ADDED ENTRY ELEMENTS (KOHA) | |
| Source of classification or shelving scheme | |
| Koha item type | Book |
| 650 ## - SUBJECT ADDED ENTRY--TOPICAL TERM | |
| -- | 128721 |
| Withdrawn status | Lost status | Source of classification or shelving scheme | Damaged status | Not for loan | Permanent Location | Current Location | Shelving location | Date acquired | Source of acquisition | Cost, normal purchase price | Total Checkouts | Total Renewals | Full call number | Barcode | Checked out | Date last seen | Date last checked out | Price effective from | Koha item type |
|---|---|---|---|---|---|---|---|---|---|---|---|---|---|---|---|---|---|---|---|
| Central Library (CL) | Central Library (CL) | Operation Management | 04/16/2025 | Pak Book Corporation | 15851.30 | 1 | 1 | 658.5 REI | CL-1710 | 04/02/2026 | 10/06/2025 | 10/06/2025 | 04/16/2025 | Book |
